000 00864cam a22002291 4500
001 ne 63000754
003 DLC
005 20260227111744.0
008 950320s1961 ua a 000 0 ararc
010 _ane 63000754
035 _a(OCoLC)32175734
040 _aPrinceton Univ. Libr.
_cCU
_dCU
_dDLC
042 _apremarc
043 _ama-----
050 0 0 _aHD9576.A2
_bT3
100 1 _aṬarīqī, ʻAbd Allāh.
245 1 0 _aNaql al-batrūl al-ʻArabī,
_bmuḥāḍarāt alqāhā ʻAbd Allāh al-Ṭarīqī [wa-]Fārūq al-Ḥusaynī ʻalá ṭalabat qism al-Dirāsāt al-Iqtiṣādīyah wa-al-Ijtimāʻīyah.
260 _a[al-Qāhirah]
_bJāmiʻat al-Duwal al-ʻArabīyah, Maʻhad al-Dirāsāt al-ʻArabīyah,
_c1961.
300 _a124 p.
_bdiagr., tables
_c24 cm.
650 0 _aPetroleum
_xTransportation
_zArab countries.
700 1 _aḤusaynī, Fārūq.
999 _c45770
_d45770